|
|
|
|
| LEADER |
00967nam a2200265 a 4500 |
| 001 |
10610 |
| 008 |
130609s2002 ii a 001 0 eng d |
| 020 |
|
|
|a 8120320301
|
| 040 |
|
|
|a N
|c N
|d BD-DhAAL
|
| 082 |
0 |
4 |
|a 005.13/3
|2 21
|
| 100 |
1 |
|
|a Arora, Geetanjali.
|
| 245 |
1 |
0 |
|a C# professional projects /
|c Geetanjali Arora, Balasubramaniam Aiaswamy, Nitin Pandey with NIIT.
|
| 246 |
3 |
4 |
|a Microsoft # professional projects.
|
| 260 |
|
|
|a Indianapolis, IN :
|b Premier Press,
|c c2002.
|
| 300 |
|
|
|a xxxii, 919 p. :
|b ill. ;
|c 24 cm.
|
| 500 |
|
|
|a Includes index.
|
| 541 |
|
|
|e 10610
|
| 650 |
|
0 |
|a C# (Computer program language).
|
| 700 |
1 |
|
|a Aiaswamy, Balasubramanjam.
|
| 700 |
1 |
|
|a Pandey, Nitin.
|
| 710 |
2 |
|
|a NIIT (Corporation).
|
| 710 |
2 |
|
|a NetLibrary, Inc.
|
| 852 |
1 |
|
|a Ayesha Abed Library
|j General shelf.
|
| 999 |
|
|
|c 13556
|d 13556
|
| 952 |
|
|
|0 0
|1 0
|4 0
|6 005_133000000000000_ARO
|7 0
|9 22651
|a BRACUL
|b BRACUL
|c GEN
|d 2013-06-09
|l 0
|o 005.133 ARO
|p 3010010610
|r 2013-06-09
|t 1
|w 2013-06-09
|y BK
|